000 00654nam a2200205 a 4500
001 000012711
005 20240530073915.0
008 091116s1996 dr 000 f spa d
040 _aDO-SdBNP
_bspa
_cBNPHU
082 _aRD863.44
_bR627t
100 1 _aRizit, Marisela
_929480
245 1 3 _aEl tiempo del olvido /
_cMarisela Rizik.
260 _aSanto Domingo :
_bTaller,
_c1996.
300 _a280 p. ;
_c21 cm.
500 _aIncluye datos biográficos de la autora en la contracubierta
590 _aInventariado, 2019/VM
650 0 _aNovela dominicana
_9223
650 0 _aLiteratura dominicana.
_967
910 _aValidado. Control de calidad MMOLINA
999 _c12362
_d12362